[Event "Menorca op-A 4th"]
[Site "Ciutadella"]
[Date "2025.04.26"]
[Round "7"]
[White "Shankland, Samuel L"]
[Black "Maiwald, Jens Uwe"]
[Result "1-0"]
[WhiteElo "2670"]
[BlackElo "2423"]
[PlyCount "75"]
[EventDate "2025.04.22"]
[EventType "swiss"]
[EventRounds "9"]
[EventCountry "ESP"]
[SourceTitle "CB18_2025"]
[SourceDate "2025.04.30"]
[SourceVersion "1"]
[SourceVersionDate "2025.04.30"]
[SourceQuality "1"]

1. e4 c6 2. d4 d5 3. e5 Bf5 4. Nf3 e6 5. Be2 Nd7 6. 0-0 Ne7 7. Nbd2 h6 8. c3 a5 9. a4 Bh7 10. Ne1 c5 11. Ndf3 cxd4 12. cxd4 Nc6 13. Bd3 Bxd3 14. Nxd3 Qb6 15. Be3 Be7 16. Nfe1 Rc8 17. Qg4 g6 18. Nf3 Qb3 19. Nf4 Qc2 20. Qh3 g5 21. Rac1 Qh7 22. Nh5 Rg8 23. g4 Qg6 24. Qg3 Nb6 25. b3 Qd3 26. Nf6+ Bxf6 27. exf6 Qg6 28. Ne5 Qxf6 29. Rxc6 bxc6 30. f4 Rc7 31. fxg5 Qd8 32. Bd2 Rb7 33. g6 fxg6 34. Bxa5 Rf8 35. Rxf8+ Kxf8 36. Qd3 Rg7 37. Qa6 Qg5 38. Qf1+ 1-0

[Event "Menorca op-A 4th"]
[Site "Ciutadella"]
[Date "2025.04.25"]
[Round "6"]
[White "Lim, Zhuo Ren"]
[Black "Shankland, Samuel L"]
[Result "0-1"]
[WhiteElo "2331"]
[BlackElo "2670"]
[PlyCount "60"]
[EventDate "2025.04.22"]
[EventType "swiss"]
[EventRounds "9"]
[EventCountry "ESP"]
[SourceTitle "CB18_2025"]
[SourceDate "2025.04.30"]
[SourceVersion "1"]
[SourceVersionDate "2025.04.30"]
[SourceQuality "1"]

1. Nf3 c5 2. c4 Nf6 3. g3 b6 4. Bg2 Bb7 5. 0-0 g6 6. Nc3 Bg7 7. d4 cxd4 8. Qxd4 d6 9. Rd1 Nbd7 10. Be3 Rc8 11. Rac1 0-0 12. Qh4 a6 13. b3 Re8 14. Bg5 Rc5 15. b4 Rc7 16. Nd5 Nxd5 17. cxd5 Rxc1 18. Bxc1 Nf6 19. e4 Qd7 20. Be3 Rc8 21. Bxb6 Qa4 22. Rb1 Qxa2 23. Rf1 Rc4 24. Bd4 Rxb4 25. Bxf6 Bxf6 26. Ng5 h5 27. Qf4 Bxd5 28. Qc1 Bc4 29. Re1 Bxg5 30. Qxg5 Rb1 0-1

[Event "Menorca op-A 4th"]
[Site "Ciutadella"]
[Date "2025.04.24"]
[Round "5"]
[White "Shankland, Samuel L"]
[Black "Bilych, Olexiy"]
[Result "0-1"]
[WhiteElo "2670"]
[BlackElo "2452"]
[PlyCount "92"]
[EventDate "2025.04.22"]
[EventType "swiss"]
[EventRounds "9"]
[EventCountry "ESP"]
[SourceTitle "CB18_2025"]
[SourceDate "2025.04.30"]
[SourceVersion "1"]
[SourceVersionDate "2025.04.30"]
[SourceQuality "1"]

1. Nf3 Nf6 2. c4 e6 3. g3 d5 4. Bg2 dxc4 5. 0-0 Nbd7 6. Qc2 Nb6 7. Na3 Bxa3 8. bxa3 Bd7 9. Ne5 Ba4 10. Qc3 Nfd5 11. Qa5 c6 12. Rb1 0-0 13. Nxc4 Bb5 14. Rxb5 cxb5 15. Qxb5 Nxc4 16. Qxc4 Qb6 17. Be4 Nf6 18. Bf3 Rac8 19. Qb3 Qxb3 20. axb3 Rc2 21. d3 Rfc8 22. Be3 b6 23. Ra1 Nd5 24. Bxd5 exd5 25. a4 Rxe2 26. a5 Rb2 27. axb6 axb6 28. Ra3 b5 29. Bc5 g5 30. b4 g4 31. Kg2 Re8 32. Ra7 Rb1 33. Be3 Rb3 34. Rb7 Rxb4 35. Rd7 Rb1 36. Rxd5 f6 37. Rd7 h5 38. h3 b4 39. Rb7 b3 40. Rb4 f5 41. Rb5 b2 42. hxg4 hxg4 43. d4 Rc8 44. d5 Rcc1 45. Rb8+ Kf7 46. Rb7+ Ke8 0-1

[Event "Menorca op-A 4th"]
[Site "Ciutadella"]
[Date "2025.04.23"]
[Round "3"]
[White "Shankland, Samuel L"]
[Black "Graif, William"]
[Result "1-0"]
[WhiteElo "2670"]
[BlackElo "2203"]
[PlyCount "75"]
[EventDate "2025.04.22"]
[EventType "swiss"]
[EventRounds "9"]
[EventCountry "ESP"]
[SourceTitle "CB18_2025"]
[SourceDate "2025.04.30"]
[SourceVersion "1"]
[SourceVersionDate "2025.04.30"]
[SourceQuality "1"]

1. e4 c5 2. Nf3 Nc6 3. Bb5 g6 4. Bxc6 dxc6 5. d3 Bg7 6. h3 Nf6 7. Bd2 Nd7 8. Bc3 e5 9. Nbd2 f6 10. 0-0 Nf8 11. b4 cxb4 12. Bxb4 Ne6 13. Nc4 c5 14. Bd2 b5 15. Ne3 0-0 16. Qb1 a6 17. a4 f5 18. exf5 gxf5 19. axb5 e4 20. Nh2 f4 21. Nc4 Bxa1 22. Qxa1 exd3 23. cxd3 Nd4 24. b6 f3 25. Re1 fxg2 26. Qa2 Be6 27. Bc3 Bd5 28. Re5 Re8 29. Bxd4 cxd4 30. Qe2 Rxe5 31. Qxe5 Bxc4 32. dxc4 d3 33. Nf3 Rb8 34. c5 Rb7 35. c6 Rxb6 36. c7 Qc8 37. Qg5+ Kf7 38. Ne5+ 1-0

[Event "Titled Tuesday intern op 25th Mar Early"]
[Site "Chess.com INT"]
[Date "2025.03.25"]
[Round "1"]
[White "Przybylski, Wojciech"]
[Black "Shankland, Samuel L"]
[Result "0-1"]
[WhiteElo "2335"]
[BlackElo "2670"]
[PlyCount "86"]
[EventDate "2025.03.25"]
[EventType "swiss (blitz)"]
[EventRounds "11"]
[EventCountry "USA"]
[SourceTitle "CB14_2025"]
[SourceDate "2024.11.01"]
[SourceVersion "1"]
[SourceVersionDate "2024.11.01"]
[SourceQuality "1"]

1. e4 c6 2. Nc3 d5 3. Nf3 Bg4 4. h3 Bh5 5. d3 e6 6. g3 Nd7 7. Bg2 Bd6 8. 0-0 Ne7 9. Re1 0-0 10. a3 h6 11. g4 Bg6 12. e5 Bc7 13. d4 c5 14. Bf4 Nc6 15. Nb5 cxd4 16. Nbxd4 a6 17. c3 Rc8 18. c4 Nxd4 19. Nxd4 Nb6 20. c5 Nd7 21. b4 Re8 22. Bg3 Nb8 23. f4 Nc6 24. Qd2 f6 25. Rad1 fxe5 26. fxe5 Qe7 27. Qe2 Nxd4 28. Rxd4 b6 29. c6 b5 30. Kh2 Bb6 31. Rd2 Rxc6 32. g5 Qxg5 33. h4 Qe7 34. h5 Bf5 35. Rf1 Rf8 36. a4 Rc4 37. Qe1 Qxb4 38. axb5 axb5 39. Ra2 Qxe1 40. Rxe1 b4 41. Ra6 Bd4 42. Bf1 Rc2+ 43. Re2 b3 0-1

[Event "Titled Tuesday intern op 25th Mar Early"]
[Site "Chess.com INT"]
[Date "2025.03.25"]
[Round "3"]
[White "Salonen, Aku"]
[Black "Shankland, Samuel L"]
[Result "1-0"]
[WhiteElo "2233"]
[BlackElo "2670"]
[PlyCount "81"]
[EventDate "2025.03.25"]
[EventType "swiss (blitz)"]
[EventRounds "11"]
[EventCountry "USA"]
[SourceTitle "CB14_2025"]
[SourceDate "2024.11.01"]
[SourceVersion "1"]
[SourceVersionDate "2024.11.01"]
[SourceQuality "1"]

1. e4 c6 2. d4 d5 3. exd5 cxd5 4. Bd3 Nc6 5. c3 Nf6 6. Bf4 Bg4 7. Qb3 Qc8 8. Nd2 e6 9. Ngf3 Be7 10. 0-0 Bh5 11. Rfe1 Bg6 12. Bf1 h6 13. a4 0-0 14. a5 a6 15. Qa4 Nd7 16. Nb3 b5 17. axb6 Nxb6 18. Qa2 a5 19. Nc5 a4 20. b3 Na5 21. Nxa4 Nxa4 22. Qxa4 Be4 23. b4 Nc6 24. Qxa8 Qxa8 25. Rxa8 Rxa8 26. Nd2 Bc2 27. Rc1 Bf5 28. Nb3 Ra2 29. b5 Nd8 30. Nc5 Rb2 31. Ra1 g5 32. Bc7 Kg7 33. h3 h5 34. Ra8 Rb1 35. Bxd8 Bxc5 36. dxc5 Bd3 37. b6 Rxf1+ 38. Kh2 Rxf2 39. b7 Be4 40. Kg1 Rxg2+ 41. Kf1 1-0

[Event "Titled Tuesday intern op 25th Mar Early"]
[Site "Chess.com INT"]
[Date "2025.03.25"]
[Round "2"]
[White "Shankland, Samuel L"]
[Black "Przybylski, Bartosz1"]
[Result "0-1"]
[WhiteElo "2670"]
[BlackElo "2141"]
[PlyCount "64"]
[EventDate "2025.03.25"]
[EventType "swiss (blitz)"]
[EventRounds "11"]
[EventCountry "USA"]
[SourceTitle "CB14_2025"]
[SourceDate "2024.11.01"]
[SourceVersion "1"]
[SourceVersionDate "2024.11.01"]
[SourceQuality "1"]

1. c4 d6 2. g3 g6 3. Bg2 Nf6 4. Nc3 Bg7 5. d4 0-0 6. h3 c5 7. e3 Nc6 8. Nge2 Bf5 9. d5 Na5 10. e4 Bd7 11. b3 b5 12. cxb5 a6 13. a4 axb5 14. axb5 Qb6 15. 0-0 Bxb5 16. Be3 Bxe2 17. Qxe2 Qxb3 18. Nb5 Qc4 19. Rfe1 Qxe2 20. Rxe2 Nxd5 21. Rc1 Nxe3 22. Rxe3 Rab8 23. Bf1 Rb6 24. Ra3 Bb2 25. Rxa5 Bxc1 26. Ra7 e6 27. Rd7 Bb2 28. Nxd6 Bd4 29. Be2 Rb2 30. Kf1 Ra8 31. Nxf7 Ra1+ 32. Kg2 Rxe2 0-1

[Event "Titled Tuesday intern op 11th Mar Early"]
[Site "Chess.com INT"]
[Date "2025.03.11"]
[Round "11"]
[White "Lazavik, Denis"]
[Black "Shankland, Samuel L"]
[Result "1-0"]
[WhiteElo "2572"]
[BlackElo "2670"]
[PlyCount "79"]
[EventDate "2025.03.11"]
[EventType "swiss (blitz)"]
[EventRounds "11"]
[EventCountry "USA"]
[SourceTitle "CB12_2025"]
[SourceDate "2025.03.19"]
[SourceVersion "1"]
[SourceVersionDate "2025.03.19"]
[SourceQuality "1"]

1. d4 Nf6 2. c4 g6 3. Nc3 Bg7 4. e4 d6 5. Be2 0-0 6. Nf3 e5 7. 0-0 Bg4 8. d5 a5 9. h3 Bxf3 10. Bxf3 Nbd7 11. Qc2 h5 12. Bg5 Qe8 13. a3 Nh7 14. Bd2 Bf6 15. b4 Bg5 16. Nb5 Qd8 17. Bc3 Bh6 18. c5 Ng5 19. Be2 Nf6 20. Bd3 Qd7 21. f4 Nxh3+ 22. gxh3 Qxh3 23. Rad1 Ng4 24. Qg2 Qe3+ 25. Kh1 axb4 26. axb4 exf4 27. Rf3 Ra2 28. Bd2 Rxd2 29. Rxd2 Qe1+ 30. Bf1 Ra8 31. Re2 Qc1 32. Nxc7 Ra1 33. cxd6 Bf8 34. e5 Rb1 35. Ne8 Ne3 36. Rexe3 fxe3 37. e6 Rb2 38. Rxf7 Bg7 39. Rxg7+ Kf8 40. Rg8+ 1-0

[Event "Titled Tuesday intern op 11th Mar Early"]
[Site "Chess.com INT"]
[Date "2025.03.11"]
[Round "9"]
[White "Le, Tuan Minh"]
[Black "Shankland, Samuel L"]
[Result "1/2-1/2"]
[WhiteElo "2598"]
[BlackElo "2670"]
[PlyCount "139"]
[EventDate "2025.03.11"]
[EventType "swiss (blitz)"]
[EventRounds "11"]
[EventCountry "USA"]
[SourceTitle "CB12_2025"]
[SourceDate "2025.03.19"]
[SourceVersion "1"]
[SourceVersionDate "2025.03.19"]
[SourceQuality "1"]

1. d4 d5 2. Nf3 Nf6 3. Bf4 Bf5 4. c4 e6 5. Qb3 Nc6 6. Nbd2 Rb8 7. e3 Be7 8. Be2 0-0 9. 0-0 Na5 10. Qa4 Nxc4 11. Nxc4 b5 12. Qxa7 bxc4 13. Bxc7 Ra8 14. Bxd8 Rxa7 15. Bxe7 Rxe7 16. Rfc1 Rb7 17. b3 cxb3 18. axb3 Rxb3 19. Ne5 Rb2 20. Bf3 Rfb8 21. h3 Rb1 22. Kh2 Rxc1 23. Rxc1 Ne8 24. Ra1 Nd6 25. Ra6 Nc4 26. Nxc4 dxc4 27. e4 Bg6 28. Rc6 Rd8 29. Rxc4 f6 30. Kg3 Bf7 31. Rb4 g5 32. Be2 Ra8 33. Bc4 Ra3+ 34. f3 Ra7 35. Kf2 Kg7 36. Rb6 e5 37. Bxf7 Kxf7 38. d5 Ra2+ 39. Kg3 h5 40. h4 gxh4+ 41. Kh3 Kg6 42. Rb8 Rd2 43. Rd8 Kf7 44. Rh8 Kg6 45. Kxh4 Kg7 46. Ra8 Rxg2 47. Kxh5 Rg5+ 48. Kh4 Rg1 49. Ra7+ Kg6 50. d6 Rd1 51. d7 Rd2 52. Kg4 Rd1 53. Kg3 Rd2 54. Kg4 Rd1 55. f4 Rd4 56. f5+ Kh6 57. Kf3 Kg5 58. Ke3 Rd1 59. Ke2 Rd4 60. Ke3 Rd1 61. Kf2 Rd4 62. Kf3 Rd1 63. Kg3 Rd3+ 64. Kf2 Kf4 65. Ke2 Rd4 66. Kf2 Rd2+ 67. Ke1 Rd4 68. Kf2 Rd2+ 69. Ke1 Rd4 70. Kf2 1/2-1/2

[Event "Titled Tuesday intern op 11th Mar Early"]
[Site "Chess.com INT"]
[Date "2025.03.11"]
[Round "2"]
[White "Munoz, Francisco Javier"]
[Black "Shankland, Samuel L"]
[Result "0-1"]
[WhiteElo "2389"]
[BlackElo "2670"]
[PlyCount "90"]
[EventDate "2025.03.11"]
[EventType "swiss (blitz)"]
[EventRounds "11"]
[EventCountry "USA"]
[SourceTitle "CB12_2025"]
[SourceDate "2025.03.19"]
[SourceVersion "1"]
[SourceVersionDate "2025.03.19"]
[SourceQuality "1"]

1. e4 c5 2. Nc3 Nc6 3. Bb5 d6 4. d4 cxd4 5. Qxd4 Bd7 6. Bxc6 Bxc6 7. b3 e5 8. Qe3 Be7 9. Nge2 Nf6 10. Bb2 b5 11. 0-0-0 b4 12. Nd5 Nxd5 13. exd5 Bd7 14. f4 0-0 15. Kb1 Rc8 16. g4 Bxg4 17. Rhg1 Bf5 18. Rd2 Bg6 19. fxe5 dxe5 20. Bxe5 Re8 21. Qd4 Bc5 22. Rxg6 hxg6 23. Qf4 Qe7 24. Bd4 Bxd4 25. Nxd4 Red8 26. Nc6 Rxc6 27. dxc6 Qe1+ 28. Kb2 Rxd2 29. c7 Qe6 30. Qxd2 Qe5+ 31. c3 Qxc7 32. cxb4 g5 33. a4 Qe5+ 34. Ka2 f5 35. h3 f4 36. b5 f3 37. Qd8+ Kf7 38. Qd7+ Kg6 39. Qc6+ Qf6 40. Qe4+ Kh6 41. Qe1 f2 42. Qf1 Qd4 43. a5 Qd2+ 44. Ka3 Qxa5+ 45. Kb2 Qe1 0-1

[Event "Titled Tuesday intern op 11th Mar Early"]
[Site "Chess.com INT"]
[Date "2025.03.11"]
[Round "7"]
[White "Nakamura, Hikaru"]
[Black "Shankland, Samuel L"]
[Result "1-0"]
[WhiteElo "2802"]
[BlackElo "2670"]
[PlyCount "61"]
[EventDate "2025.03.11"]
[EventType "swiss (blitz)"]
[EventRounds "11"]
[EventCountry "USA"]
[SourceTitle "CB12_2025"]
[SourceDate "2025.03.19"]
[SourceVersion "1"]
[SourceVersionDate "2025.03.19"]
[SourceQuality "1"]

1. b3 e5 2. Bb2 Nc6 3. c4 Nf6 4. e3 g6 5. Nc3 Bg7 6. Nf3 0-0 7. d3 d5 8. cxd5 Nxd5 9. Rc1 a5 10. Be2 Bg4 11. a3 Nxc3 12. Bxc3 Qe7 13. Ra1 Rfd8 14. Qc2 Rd7 15. h3 Bxf3 16. Bxf3 Rad8 17. Be2 e4 18. d4 h5 19. 0-0 Rd5 20. b4 Rg5 21. b5 Rdd5 22. bxc6 Rxg2+ 23. Kxg2 Rg5+ 24. Kh1 Qe6 25. Bg4 hxg4 26. cxb7 Qf5 27. b8Q+ Bf8 28. Qe2 Rh5 29. Qxc7 Rxh3+ 30. Kg2 Qh5 31. Rh1 1-0

[Event "Titled Tuesday intern op 11th Mar Early"]
[Site "Chess.com INT"]
[Date "2025.03.11"]
[Round "5"]
[White "Shankland, Samuel L"]
[Black "Bortnyk, Olexandr"]
[Result "1/2-1/2"]
[WhiteElo "2670"]
[BlackElo "2601"]
[PlyCount "109"]
[EventDate "2025.03.11"]
[EventType "swiss (blitz)"]
[EventRounds "11"]
[EventCountry "USA"]
[SourceTitle "CB12_2025"]
[SourceDate "2025.03.19"]
[SourceVersion "1"]
[SourceVersionDate "2025.03.19"]
[SourceQuality "1"]

1. c4 Nf6 2. g3 g6 3. Bg2 Bg7 4. d4 d6 5. Nc3 0-0 6. h3 Na6 7. Nf3 c5 8. 0-0 Bd7 9. d5 b5 10. cxb5 Nc7 11. a4 Qb8 12. e4 a6 13. e5 Nfe8 14. Bg5 f6 15. exf6 exf6 16. Bf4 axb5 17. axb5 Rxa1 18. Qxa1 Nxb5 19. Re1 Nec7 20. Re7 Qd8 21. Re1 Re8 22. Bf1 g5 23. Rxe8+ Bxe8 24. Bd2 Nxc3 25. Bxc3 Bf7 26. Bc4 Qa8 27. Qxa8+ Nxa8 28. Ba5 h6 29. Ne1 f5 30. Nd3 Kf8 31. b4 cxb4 32. Bxb4 Ke7 33. Ba5 Bd4 34. Nb4 Bb6 35. Nc6+ Kd7 36. Bd2 Nc7 37. Nb4 Ba5 38. Bd3 Bg6 39. g4 Bxb4 40. Bxb4 Nxd5 41. Bd2 Ne7 42. Bc3 fxg4 43. Bb5+ Ke6 44. hxg4 Kf7 45. Kg2 Be4+ 46. f3 Bc6 47. Bd3 Nd5 48. Bc4 Kg6 49. Bxd5 Bxd5 50. Bb4 h5 51. gxh5+ Kxh5 52. Kg3 Bc6 53. Bxd6 Kg6 54. f4 gxf4+ 55. Bxf4 1/2-1/2

[Event "Titled Tuesday intern op 11th Mar Early"]
[Site "Chess.com INT"]
[Date "2025.03.11"]
[Round "6"]
[White "Shankland, Samuel L"]
[Black "Indjic, Aleksandar"]
[Result "1-0"]
[WhiteElo "2670"]
[BlackElo "2651"]
[PlyCount "73"]
[EventDate "2025.03.11"]
[EventType "swiss (blitz)"]
[EventRounds "11"]
[EventCountry "USA"]
[SourceTitle "CB12_2025"]
[SourceDate "2025.03.19"]
[SourceVersion "1"]
[SourceVersionDate "2025.03.19"]
[SourceQuality "1"]

1. c4 e5 2. g3 Nc6 3. Bg2 Bc5 4. Nc3 a6 5. Nf3 d6 6. e3 Ba7 7. 0-0 Nge7 8. b3 Bd7 9. d4 Qc8 10. dxe5 dxe5 11. Ba3 f6 12. Nd5 a5 13. Rc1 Nb4 14. Nxe5 fxe5 15. Qh5+ Kf8 16. Nxe7 Kxe7 17. Qxe5+ Kf7 18. Bb2 Rg8 19. Qh5+ Kf8 20. Qf3+ Ke7 21. Qe4+ Be6 22. Qh4+ Kf8 23. Rcd1 Bc5 24. Qxh7 Bf7 25. a3 Nc6 26. Bd5 Ne7 27. Bxf7 Kxf7 28. Qh5+ Kf8 29. Qxc5 Qh3 30. Qxc7 Rh8 31. Bxg7+ Kf7 32. Bxh8 Rxh8 33. Qf4+ Ke8 34. g4 Ng6 35. Qg3 Qh7 36. Rd5 Qe7 37. Rfd1 1-0

[Event "Titled Tuesday intern op 11th Mar Early"]
[Site "Chess.com INT"]
[Date "2025.03.11"]
[Round "3"]
[White "Shankland, Samuel L"]
[Black "Lauda, Alexandr"]
[Result "1-0"]
[WhiteElo "2670"]
[BlackElo "2255"]
[PlyCount "47"]
[EventDate "2025.03.11"]
[EventType "swiss (blitz)"]
[EventRounds "11"]
[EventCountry "USA"]
[SourceTitle "CB12_2025"]
[SourceDate "2025.03.19"]
[SourceVersion "1"]
[SourceVersionDate "2025.03.19"]
[SourceQuality "1"]

1. c4 Nf6 2. g3 e6 3. Bg2 d5 4. Nf3 Be7 5. 0-0 0-0 6. d4 dxc4 7. Qa4 Bd7 8. Qxc4 Bc6 9. Qc2 Be4 10. Qd1 Nbd7 11. Nc3 Bc6 12. Qc2 a5 13. Rd1 Nb6 14. e4 h6 15. Ne5 Be8 16. Be3 Nfd7 17. Nf3 a4 18. h3 f5 19. d5 fxe4 20. Nd4 Nc5 21. Nxe6 Nxe6 22. dxe6 Bd6 23. Nxe4 Qe7 24. Nxd6 1-0

[Event "Titled Tuesday intern op 11th Mar Early"]
[Site "Chess.com INT"]
[Date "2025.03.11"]
[Round "10"]
[White "Shankland, Samuel L"]
[Black "Pranav, V."]
[Result "1-0"]
[WhiteElo "2670"]
[BlackElo "2615"]
[PlyCount "161"]
[EventDate "2025.03.11"]
[EventType "swiss (blitz)"]
[EventRounds "11"]
[EventCountry "USA"]
[SourceTitle "CB12_2025"]
[SourceDate "2025.03.19"]
[SourceVersion "1"]
[SourceVersionDate "2025.03.19"]
[SourceQuality "1"]

1. c4 e5 2. g3 Nf6 3. Bg2 Bc5 4. Nc3 a5 5. Nf3 d6 6. d4 exd4 7. Nxd4 0-0 8. 0-0 Re8 9. b3 Nbd7 10. Bb2 Ne5 11. h3 c6 12. e3 Qe7 13. Qc2 Ng6 14. Rad1 Qc7 15. Na4 Ba7 16. Nf5 Bxf5 17. Qxf5 Re6 18. Nc3 Rae8 19. Ne2 Ne4 20. Kh2 Bc5 21. Nf4 Nxf4 22. gxf4 g6 23. Qg4 Nf6 24. Qh4 Qe7 25. Rg1 Ne4 26. Qh6 Qf8 27. Qxf8+ Kxf8 28. Rgf1 f5 29. Bxe4 Rxe4 30. h4 Kf7 31. h5 g5 32. Rg1 h6 33. Rg3 Rg8 34. Rdg1 g4 35. Rd1 Re6 36. Kg2 Ke8 37. Kf1 Kd7 38. Ke2 Rge8 39. Kd3 Kc7 40. Rgg1 Re4 41. Rg3 a4 42. Bc3 axb3 43. axb3 Bb6 44. Ra1 R4e6 45. b4 Re4 46. Ra2 Rd8 47. Bg7 Re6 48. Rg1 Rg8 49. Bc3 Rge8 50. Bd2 Re4 51. Rc1 g3 52. c5 gxf2 53. cxb6+ Kxb6 54. Rf1 c5 55. bxc5+ dxc5 56. Rxf2 Kc6 57. Ke2 b5 58. Ra6+ Kd5 59. Rxh6 b4 60. Rb6 Rh8 61. h6 Kc4 62. Rh2 Kb3 63. h7 Re7 64. Rh5 Rhxh7 65. Rxf5 Rh2+ 66. Kf3 Rxd2 67. Rxc5 Rd3 68. Re5 Rf7 69. Re4 Kc2 70. Rbxb4 Rc3 71. Rec4 Kd3 72. Rxc3+ Kxc3 73. Re4 Kd3 74. Re5 Kc4 75. Kg4 Rg7+ 76. Kh5 Rg1 77. f5 Kd3 78. Re6 Kc4 79. e4 Kc5 80. f6 Kd4 81. e5 1-0

[Event "Titled Tuesday intern op 11th Mar Early"]
[Site "Chess.com INT"]
[Date "2025.03.11"]
[Round "8"]
[White "Shankland, Samuel L"]
[Black "Sarana, Alexey"]
[Result "1-0"]
[WhiteElo "2670"]
[BlackElo "2689"]
[PlyCount "99"]
[EventDate "2025.03.11"]
[EventType "swiss (blitz)"]
[EventRounds "11"]
[EventCountry "USA"]
[SourceTitle "CB12_2025"]
[SourceDate "2025.03.19"]
[SourceVersion "1"]
[SourceVersionDate "2025.03.19"]
[SourceQuality "1"]

1. c4 e6 2. g3 d5 3. Bg2 Nf6 4. Nf3 Be7 5. 0-0 0-0 6. d4 dxc4 7. Qa4 a6 8. Qxc4 b5 9. Qc2 Bb7 10. Bd2 Be4 11. Qc1 Bb7 12. Bg5 Nbd7 13. Nbd2 c5 14. Bxf6 Bxf6 15. dxc5 Rc8 16. b4 Bxa1 17. Qxa1 Qf6 18. Nb3 Rfd8 19. a3 Qxa1 20. Rxa1 Nf6 21. Ne5 Bxg2 22. Kxg2 Ne4 23. Kf3 Nc3 24. Rc1 Nd5 25. e4 Ne7 26. Ke3 f6 27. Nd3 Nc6 28. f4 Rd7 29. Rc3 Kf7 30. h4 h5 31. Nbc1 e5 32. Ne2 Rcd8 33. Ng1 exf4+ 34. gxf4 Rd4 35. Ne2 R4d7 36. f5 Ne5 37. Nxe5+ fxe5 38. Ng1 Kf6 39. Nf3 Rd1 40. c6 Rc8 41. Rc5 Ra1 42. Nxe5 Rxa3+ 43. Kf4 Rb3 44. Nd7+ Ke7 45. Nb6 Rc7 46. Nd5+ Kd8 47. e5 Rd3 48. e6 Rxd5 49. Rxd5+ Ke7 50. Rd7+ 1-0

[Event "Prague Masters 7th"]
[Site "Prague"]
[Date "2025.03.06"]
[Round "8"]
[White "Shankland, Samuel L"]
[Black "Giri, Anish"]
[Result "0-1"]
[WhiteElo "2670"]
[BlackElo "2728"]
[PlyCount "78"]
[EventDate "2025.02.26"]
[EventType "tourn"]
[EventRounds "9"]
[EventCountry "CZE"]
[EventCategory "15"]
[SourceTitle "CB11_2025"]
[SourceDate "2025.03.12"]
[SourceVersion "1"]
[SourceVersionDate "2025.03.12"]
[SourceQuality "1"]

1. e4 c5 2. Nf3 d6 3. d4 cxd4 4. Nxd4 Nf6 5. Nc3 Nc6 6. Bg5 e6 7. Qd2 a6 8. Nxc6 bxc6 9. 0-0-0 Be7 10. f4 d5 11. Qe1 Rb8 12. exd5 cxd5 13. Bc4 0-0 14. Bb3 a5 15. Kb1 Bd7 16. a4 Rb4 17. f5 Qb6 18. fxe6 fxe6 19. Rxd5 Nxd5 20. Nxd5 exd5 21. Qxe7 Rxb3 22. cxb3 Bf5+ 23. Ka1 Qxb3 24. Qa3 Qc2 25. Be3 Qxg2 26. Rg1 Qe4 27. Bb6 Bg6 28. Bxa5 Rf4 29. Bd2 Rg4 30. Rf1 h5 31. h3 Rg2 32. Ba5 Kh7 33. Qb4 Qd3 34. Rc1 Qxh3 35. Qb5 d4 36. Qd5 Qe3 37. Rd1 Qe2 38. Qxd4 Rg4 39. Qd7 Qc2 0-1

[Event "Prague Masters 7th"]
[Site "Prague"]
[Date "2025.03.05"]
[Round "7"]
[White "Le, Quang Liem"]
[Black "Shankland, Samuel L"]
[Result "0-1"]
[WhiteElo "2739"]
[BlackElo "2670"]
[PlyCount "128"]
[EventDate "2025.02.26"]
[EventType "tourn"]
[EventRounds "9"]
[EventCountry "CZE"]
[EventCategory "15"]
[SourceTitle "CB11_2025"]
[SourceDate "2025.03.12"]
[SourceVersion "1"]
[SourceVersionDate "2025.03.12"]
[SourceQuality "1"]

1. e4 c5 2. Nf3 d6 3. d4 cxd4 4. Nxd4 Nf6 5. Nc3 a6 6. Be2 e6 7. 0-0 Be7 8. f4 0-0 9. Kh1 Nc6 10. a4 Bd7 11. Nb3 e5 12. Be3 exf4 13. Rxf4 Be6 14. Nd5 Nd7 15. Nxe7+ Qxe7 16. Nd2 d5 17. Qg1 Rfe8 18. Raf1 Nde5 19. c3 Ng6 20. Bc5 Qg5 21. Qe3 Nxf4 22. Rxf4 Ne5 23. Kg1 Ng6 24. Rf3 Qxe3+ 25. Rxe3 dxe4 26. Nxe4 Bd5 27. Nd6 Rxe3 28. Bxe3 Rd8 29. Bc5 Nf4 30. Bf1 b6 31. Ba3 a5 32. Kf2 g6 33. g3 Ne6 34. Bb5 f5 35. Ke3 Nc5 36. Ne8 Kf7 37. Nc7 Ne6 38. Nxd5 Rxd5 39. b4 g5 40. bxa5 bxa5 41. Ke2 Re5+ 42. Kf1 Nc5 43. Bc1 Kg6 44. Bd2 Ne4 45. Be1 Nd6 46. c4 Re4 47. Bxa5 Nxb5 48. cxb5 Rxa4 49. Bc7 Rb4 50. b6 Rb2 51. Ke1 Kf7 52. Kd1 Ke6 53. Kc1 Rb5 54. Kd2 Kd5 55. Kd3 Rb3+ 56. Kc2 Kc4 57. Kd2 Kd4 58. Kc2 Rb5 59. Kd2 Ke4 60. Kc3 f4 61. gxf4 gxf4 62. Kc4 Rb1 63. Kc5 f3 64. Bg3 Ke3 0-1

[Event "Prague Masters 7th"]
[Site "Prague"]
[Date "2025.03.04"]
[Round "6"]
[White "Shankland, Samuel L"]
[Black "Praggnanandhaa, Rameshbabu"]
[Result "1/2-1/2"]
[WhiteElo "2670"]
[BlackElo "2741"]
[PlyCount "85"]
[EventDate "2025.02.26"]
[EventType "tourn"]
[EventRounds "9"]
[EventCountry "CZE"]
[EventCategory "15"]
[SourceTitle "CB11_2025"]
[SourceDate "2025.03.12"]
[SourceVersion "1"]
[SourceVersionDate "2025.03.12"]
[SourceQuality "1"]

1. e4 e5 2. Nf3 Nc6 3. Bc4 Bc5 4. c3 d6 5. d3 h6 6. Nbd2 a6 7. Nf1 Nf6 8. Ng3 Ba7 9. a4 0-0 10. 0-0 Ne7 11. Bb3 Ng6 12. d4 Bg4 13. h3 Bxf3 14. Qxf3 exd4 15. cxd4 Bxd4 16. Nf5 Be5 17. Kh1 c6 18. Qe2 d5 19. f4 Bc7 20. e5 Ne4 21. Bc2 Ne7 22. Bxe4 dxe4 23. Nxh6+ gxh6 24. f5 Bxe5 25. Bxh6 Qd6 26. Qg4+ Kh7 27. Bxf8 Rxf8 28. Qh4+ Kg7 29. Qg5+ Kh7 30. f6 Ng6 31. Rae1 Bf4 32. Qh5+ Bh6 33. Rxe4 Qd3 34. Rfe1 Qg3 35. Rd1 Qf2 36. Qe2 Qxf6 37. Rf1 Qg5 38. h4 Nxh4 39. Rg4 Qd8 40. Rd1 Qf6 41. Rf1 Qd8 42. Rd1 Qf6 43. Rf1 1/2-1/2

[Event "Prague Masters 7th"]
[Site "Prague"]
[Date "2025.03.01"]
[Round "4"]
[White "Aravindh, Chithambaram VR"]
[Black "Shankland, Samuel L"]
[Result "1/2-1/2"]
[WhiteElo "2729"]
[BlackElo "2670"]
[PlyCount "93"]
[EventDate "2025.02.26"]
[EventType "tourn"]
[EventRounds "9"]
[EventCountry "CZE"]
[EventCategory "15"]
[SourceTitle "CB11_2025"]
[SourceDate "2025.03.12"]
[SourceVersion "1"]
[SourceVersionDate "2025.03.12"]
[SourceQuality "1"]

1. e4 c5 2. Nf3 d6 3. Bb5+ Nd7 4. a4 Ngf6 5. Nc3 a6 6. Be2 b6 7. d4 cxd4 8. Qxd4 Bb7 9. 0-0 e6 10. Rd1 Qc7 11. Be3 Ng4 12. Bg5 h6 13. Bh4 Rc8 14. h3 Nge5 15. Rd2 d5 16. Bg3 Bc5 17. Bxe5 Bxd4 18. Bxc7 Bxc3 19. bxc3 Rxc7 20. exd5 Bxd5 21. Nd4 Ke7 22. Bxa6 Nc5 23. Bb5 Ne4 24. Rd3 Rhc8 25. a5 bxa5 26. c4 Bxc4 27. Bxc4 Rxc4 28. Rxa5 R8c7 29. Re5 Nc3 30. Re1 g6 31. h4 Kf6 32. Rf3+ Kg7 33. Rxc3 Rxc3 34. Nb5 Rxc2 35. Nxc7 Rxc7 36. g3 Kf6 37. Kg2 Kf5 38. Ra1 e5 39. Ra6 h5 40. Rb6 Rc2 41. Rb7 f6 42. Rb6 g5 43. hxg5 fxg5 44. Rb8 e4 45. Rb5+ Kg4 46. Rb4 Re2 47. Ra4 1/2-1/2